000 00719nam a22002537a 4500
001 46212
003 UA-OsUOA
005 20200112144752.0
007 ta
008 20120207b un ||||| |||| 00| 0 ukr d
040 _aUA-OsUOA
_bukr
_cUA-OsUOA
_dUA-OsUOA
041 _aukr
080 _a09.-82-1
090 _a09.-82-1
_bБ90
100 _aБуковинець П.
245 _aЖиття в павутині
_bпоезії
260 _aНа чужині
_c1949
300 _a72 с.
650 7 _a0 Загальний відділ.
_2UDC
942 _cBK
_2udc
955 _a3
999 _c426274
_d426274